01542cam a2200373 a 4500001001800000003000700018005001700025007000700042008004100049010001700090040004700107020003700154020003000191035002000221042000900241050002500250082001800275100002200293245006400315250001200379260003200391300004000423520010200463650003400565650001300599856009100612856010000703029001800803029001700821942000700838506015000845506015400995999001901149busybeavers00dabcCaSfIA20210117222145.0cr||||870912s1988 nyua j 000 0 eng  a 87027190  aDLCcDLCdOCLdBTCTAdYDXCPdBAKERdCaSfIA a0525443843 (lib. bdg.) :c$11.95 a9780525443841 (lib. bdg.) a(OCoLC)16754675 alcac00aQL737.R632bD33 198800a599.32/322191 aDabcovich, Lydia.10aBusy beavers /h[electronic resource] cby Lydia Dabcovich. a1st ed. aNew York :bDutton,cc1988. a[32] p. :bcol. ill. ;c21 x 26 cm. aSimple text follows the activities of a beaver family as they swim, play, and build a sturdy dam. 0aBeaversvJuvenile literature. 1aBeavers.41uhttp://www.archive.org/details/busybeavers00dabczFree eBook from the Internet Archive42uhttp://www.openlibrary.org/books/OL2397362MzAdditional information and access via Open Library1 aYDXCPb4704131 aNZ1b3424326 cEB fНеобхідна авторизація на https://archive.org/ (створення облікового запису безкоштовно) fНеобхідна авторизація на https://openlibrary.org/ (створення облікового запису безкоштовно) c477386d477386